[Event "Mittelfrank Regionalliga Nord-West 2223"]
[Site "Mittelfranken"]
[Date "2023.03.19"]
[Round "8.4"]
[White "Haasner, Tom"]
[Black "Stingl, Rene"]
[Result "1/2-1/2"]
[WhiteElo "1961"]
[BlackElo "1923"]
[PlyCount "53"]
[EventDate "2022.10.09"]
[EventType "team-tourn"]
[EventRounds "9"]
[EventCountry "GER"]
[SourceTitle "EXT 2024"]
[Source "ChessBase"]
[SourceDate "2023.10.10"]
[SourceVersion "1"]
[SourceVersionDate "2023.10.10"]
[SourceQuality "1"]
[WhiteTeam "Rottendorf"]
[BlackTeam "Marktleuthen"]
[WhiteTeamCountry "GER"]
[BlackTeamCountry "GER"]

1. d4 d5 2. c4 c6 3. cxd5 cxd5 4. Nc3 Nf6 5. f3 Nc6 6. e4 e6 7. e5 Nd7 8. f4 g6 9. Nf3 a6 10. Be3 b5 11. Bd3 Nb6 12. b3 Bb7 13. 0-0 Rc8 14. Ne2 Ba3 15. f5 gxf5 16. Ng3 Ne7 17. Nh5 Kd7 18. Ng5 Qf8 19. Nxh7 Rxh7 20. Nf6+ Kc7 21. Nxh7 Qg7 22. Nf6 Kb8 23. Qe2 Ng6 24. Rf3 Qf8 25. Rh3 Qb4 26. Rh7 Nf4 27. Qd1 1/2-1/2

[Event "Mittelfrank Regionalliga Nord-West 2122"]
[Site "Mittelfranken"]
[Date "2022.05.29"]
[Round "9.4"]
[White "Stingl, Rene"]
[Black "Lutz, Peter1111"]
[Result "1-0"]
[WhiteElo "1909"]
[BlackElo "1878"]
[PlyCount "75"]
[EventDate "2021.10.24"]
[EventType "team-tourn"]
[EventRounds "9"]
[EventCountry "GER"]
[SourceTitle "EXT 2024"]
[Source "ChessBase"]
[SourceDate "2023.10.10"]
[SourceVersion "1"]
[SourceVersionDate "2023.10.10"]
[SourceQuality "1"]
[WhiteTeam "Marktleuthen"]
[BlackTeam "Aschaffenburg"]
[WhiteTeamCountry "GER"]
[BlackTeamCountry "GER"]

1. e4 e5 2. Nf3 Nf6 3. Nxe5 d6 4. Nf3 Nxe4 5. d4 d5 6. Bd3 Bg4 7. h3 Bh5 8. 0-0 Be7 9. Re1 Nf6 10. c4 dxc4 11. Bxc4 0-0 12. g4 Bg6 13. Ne5 Nfd7 14. Nxg6 hxg6 15. Qd3 Nb6 16. Bb3 Nc6 17. Bd2 Nxd4 18. Rxe7 Qxe7 19. Qxd4 c5 20. Qe3 Qh4 21. Nc3 c4 22. Bc2 Rfe8 23. Qf3 Rad8 24. Be3 Qf6 25. Qxb7 Re7 26. Qg2 Red7 27. Rb1 Qe5 28. Qe4 Qf6 29. Kg2 Rc8 30. Qf3 Qe6 31. Be4 Re7 32. a4 Rd8 33. a5 Nc8 34. Bg5 f6 35. Be3 Kh7 36. Bc2 Nd6 37. Nd5 Ne4 38. Nxe7 1-0

[Event "Mittelfrank Regionalliga Nord-West 2122"]
[Site "Mittelfranken"]
[Date "2022.05.15"]
[Round "5.2"]
[White "Riemer, Ralf"]
[Black "Stingl, Rene"]
[Result "1-0"]
[WhiteElo "1989"]
[BlackElo "1909"]
[PlyCount "71"]
[EventDate "2021.10.24"]
[EventType "team-tourn"]
[EventRounds "9"]
[EventCountry "GER"]
[SourceTitle "EXT 2024"]
[Source "ChessBase"]
[SourceDate "2023.10.10"]
[SourceVersion "1"]
[SourceVersionDate "2023.10.10"]
[SourceQuality "1"]
[WhiteTeam "Bamberg II"]
[BlackTeam "Marktleuthen"]
[WhiteTeamCountry "GER"]
[BlackTeamCountry "GER"]

1. Nf3 d5 2. e3 Nf6 3. c4 c6 4. b3 g6 5. Bb2 Bg7 6. Be2 0-0 7. 0-0 Bg4 8. d3 Nbd7 9. Nbd2 Qc7 10. Rc1 Rad8 11. Qc2 e5 12. cxd5 Nxd5 13. Ba3 Rfe8 14. Nc4 N7b6 15. h3 Be6 16. Ng5 f5 17. Nxe6 Rxe6 18. Rfd1 Kh8 19. e4 Nf4 20. Bf1 Rd7 21. g3 Nh5 22. d4 exd4 23. exf5 Rf6 24. Qe4 Qd8 25. Re1 Nxc4 26. bxc4 Bf8 27. Bxf8 Qxf8 28. fxg6 hxg6 29. Rcd1 c5 30. Rd2 Rg7 31. Rde2 Qd6 32. Qh4 Rh7 33. Re8+ Rf8 34. R1e6 Rxe8 35. Rxd6 Ng7 36. Qf6 1-0

[Event "Regionalliga Nord-West 1819"]
[Site "Bayern"]
[Date "2018.12.16"]
[Round "4.4"]
[White "Haasner, Tom"]
[Black "Stingl, Rene"]
[Result "1/2-1/2"]
[WhiteElo "1910"]
[BlackElo "1948"]
[PlyCount "72"]
[EventDate "2018.10.21"]
[EventType "team-tourn"]
[EventRounds "9"]
[EventCountry "GER"]
[SourceTitle "EXT 2022"]
[Source "ChessBase"]
[SourceDate "2021.10.06"]
[SourceVersion "1"]
[SourceVersionDate "2021.10.06"]
[SourceQuality "1"]
[WhiteTeam "Rottendorf"]
[BlackTeam "Marktleuthen"]
[WhiteTeamCountry "GER"]
[BlackTeamCountry "GER"]

1. d4 Nf6 2. Nc3 e6 3. Bg5 h6 4. Bh4 Be7 5. Nf3 d5 6. Bxf6 Bxf6 7. e4 0-0 8. h4 c5 9. e5 Be7 10. Qe2 a6 11. 0-0-0 b5 12. dxc5 Bxc5 13. Ne4 Be7 14. Kb1 Nd7 15. Ned2 Bb7 16. g4 Qc7 17. Nb3 Nc5 18. Nxc5 Bxc5 19. Nd4 Qb6 20. Qe3 f6 21. g5 fxe5 22. Qxe5 Bxd4 23. Rxd4 Rf5 24. Qe3 e5 25. Rd3 Qxe3 26. fxe3 hxg5 27. Bh3 g4 28. Bxg4 Rf6 29. Rg1 Raf8 30. Rdd1 Kh7 31. Kc1 Rf2 32. Be6 Re2 33. Bxd5 Bxd5 34. Rxd5 Rff2 35. Rc5 Rxe3 36. Rc7 Ree2 1/2-1/2

[Event "Regionalliga Nord-West 1819"]
[Site "Bayern"]
[Date "2018.10.21"]
[Round "1.6"]
[White "Ziegler, Johannes"]
[Black "Stingl, Rene"]
[Result "1-0"]
[WhiteElo "1853"]
[BlackElo "1948"]
[PlyCount "45"]
[EventDate "2018.10.21"]
[EventType "team-tourn"]
[EventRounds "9"]
[EventCountry "GER"]
[SourceTitle "EXT 2022"]
[Source "ChessBase"]
[SourceDate "2021.10.06"]
[SourceVersion "1"]
[SourceVersionDate "2021.10.06"]
[SourceQuality "1"]
[WhiteTeam "Wuerzburg II"]
[BlackTeam "Marktleuthen"]
[WhiteTeamCountry "GER"]
[BlackTeamCountry "GER"]

1. e4 d6 2. d4 Nf6 3. Bd3 Nbd7 4. f4 e6 5. c4 e5 6. Nf3 exd4 7. Nxd4 Nc5 8. Nc3 Be7 9. Bc2 a5 10. 0-0 0-0 11. h3 c6 12. Be3 Qc7 13. Qf3 Be6 14. Nxe6 fxe6 15. Bxc5 dxc5 16. e5 Ne8 17. Qg4 Qc8 18. f5 exf5 19. Bxf5 Qc7 20. Be6+ Kh8 21. Rxf8+ Bxf8 22. Rf1 Qe7 23. Rf7 1-0

[Event "Regionalliga Nord-West 1718"]
[Site "Bayern"]
[Date "2017.10.22"]
[Round "1.5"]
[White "Ferlan, Istok"]
[Black "Stingl, Rene"]
[Result "1-0"]
[WhiteElo "2128"]
[BlackElo "1980"]
[PlyCount "73"]
[EventDate "2017.10.22"]
[EventType "team-tourn"]
[EventRounds "9"]
[EventCountry "GER"]
[SourceTitle "EXT 2022"]
[Source "ChessBase"]
[SourceDate "2021.10.06"]
[SourceVersion "1"]
[SourceVersionDate "2021.10.06"]
[SourceQuality "1"]
[WhiteTeam "Kitzingen SC"]
[BlackTeam "Marktleuthen"]
[WhiteTeamCountry "GER"]
[BlackTeamCountry "GER"]

1. d4 g6 2. Nf3 Bg7 3. Bf4 d6 4. h3 Nf6 5. e3 0-0 6. Be2 Nbd7 7. 0-0 b6 8. c4 c5 9. Nc3 Bb7 10. d5 h6 11. Bh2 Nh7 12. e4 a6 13. a4 Qc7 14. Re1 Rae8 15. Qd2 Ne5 16. Nxe5 dxe5 17. f4 f6 18. Kh1 Qd7 19. a5 exf4 20. Bxf4 Ng5 21. axb6 Nxh3 22. gxh3 Qxh3+ 23. Bh2 f5 24. Qd3 Qh4 25. Qg3 Qf6 26. exf5 Qxb6 27. Na4 Qb4 28. Qxg6 Qb3 29. Qg3 Qc2 30. Bd3 Qb3 31. Nxc5 Bxd5+ 32. cxd5 Qxd5+ 33. Ne4 Rxf5 34. Rg1 Rg5 35. Qf3 Rf8 36. Rxg5 hxg5 37. Nf6+ 1-0

[Event "Landesliga Nord 1617"]
[Site "Bayern"]
[Date "2017.04.02"]
[Round "8.5"]
[White "Muehlbauer, Gerhard"]
[Black "Stingl, Rene"]
[Result "1-0"]
[WhiteElo "1918"]
[BlackElo "1998"]
[PlyCount "47"]
[EventDate "2016.10.16"]
[EventType "team-tourn"]
[EventRounds "9"]
[EventCountry "GER"]
[SourceTitle "EXT 2019"]
[Source "ChessBase"]
[SourceDate "2018.10.10"]
[SourceVersion "1"]
[SourceVersionDate "2018.10.10"]
[SourceQuality "1"]
[WhiteTeam "Bad Koetzting"]
[BlackTeam "Marktleuthen"]
[WhiteTeamCountry "GER"]
[BlackTeamCountry "GER"]

1. d4 g6 2. c4 Bg7 3. Nc3 d6 4. e4 Nd7 5. Be2 e5 6. Be3 Ne7 7. g4 Nc6 8. Nf3 exd4 9. Nxd4 Nde5 10. h4 0-0 11. f4 Nxg4 12. Bxg4 Bxg4 13. Qxg4 Nxd4 14. 0-0-0 c5 15. h5 Qf6 16. Bxd4 cxd4 17. Nd5 Qe6 18. f5 Qe5 19. Qh4 d3 20. f6 Bh6+ 21. Kb1 Bg5 22. Ne7+ Kh8 23. hxg6 h6 24. Qxh6+ 1-0

[Event "Regionalliga NW 1516"]
[Site "Bayern"]
[Date "2016.04.10"]
[Round "9.5"]
[White "Stingl, Rene"]
[Black "Demar, Stefan"]
[Result "1/2-1/2"]
[WhiteElo "1998"]
[BlackElo "1759"]
[PlyCount "139"]
[EventDate "2015.10.11"]
[EventType "team-tourn"]
[EventRounds "9"]
[EventCountry "GER"]
[SourceTitle "EXT 2018"]
[Source "ChessBase"]
[SourceDate "2017.10.13"]
[SourceVersion "1"]
[SourceVersionDate "2017.10.13"]
[SourceQuality "1"]
[WhiteTeam "Marktleuthen"]
[BlackTeam "Bad Koenigshofen"]
[WhiteTeamCountry "GER"]
[BlackTeamCountry "GER"]

1. d4 c6 2. e4 d5 3. e5 Bf5 4. Ne2 e6 5. Ng3 Bg6 6. h4 h6 7. h5 Bh7 8. Bd3 Bxd3 9. cxd3 Qb6 10. Be3 Qxb2 11. Nd2 Bb4 12. 0-0 Bxd2 13. Rb1 Qa3 14. Qxd2 Qe7 15. Qe2 b6 16. Bd2 Qd7 17. Qg4 f5 18. Qh4 Na6 19. Ne2 Qe7 20. Qg3 Qf7 21. Nf4 Ne7 22. Kh1 Rg8 23. Qh3 g5 24. hxg6 Nxg6 25. Nh5 Rh8 26. Nf6+ Kd8 27. Qh5 Nc7 28. Rfc1 Ne8 29. Rxc6 Nxf6 30. exf6 Qxf6 31. Qh2 f4 32. Re1 Re8 33. Qh5 Rc8 34. Rexe6 Rxe6 35. Qxd5+ Ke7 36. Rxc8 Qg5 37. Re8+ Kxe8 38. Qxe6+ Ne7 39. Qe2 Kd7 40. Qf3 Nd5 41. g3 Ke6 42. Bxf4 Qf5 43. Qe4+ Qxe4+ 44. dxe4 Nc3 45. f3 h5 46. Kg2 Nxa2 47. Bd2 b5 48. Kf2 b4 49. Ke2 a5 50. Kd3 b3 51. Bxa5 Nc1+ 52. Kd2 Ne2 53. d5+ Kd6 54. Bb4+ Kd7 55. Ba3 Nxg3 56. Ke1 h4 57. Kf2 Nh5 58. Bb2 Nf4 59. Bd4 Nd3+ 60. Kg2 Ne1+ 61. Kh3 Nxf3 62. Bb2 Nd2 63. e5 Nc4 64. e6+ Kd6 65. Bf6 b2 66. Bxb2 Nxb2 67. Kxh4 Nd3 68. Kg5 Nb4 69. Kf6 Nxd5+ 70. Kf7 1/2-1/2

[Event "Regionalliga NW 1516"]
[Site "Bayern"]
[Date "2015.12.13"]
[Round "4.7"]
[White "Schulz, Horst"]
[Black "Stingl, Rene"]
[Result "1/2-1/2"]
[WhiteElo "1643"]
[BlackElo "1998"]
[PlyCount "39"]
[EventDate "2015.10.11"]
[EventType "team-tourn"]
[EventRounds "9"]
[EventCountry "GER"]
[SourceTitle "EXT 2018"]
[Source "ChessBase"]
[SourceDate "2017.10.13"]
[SourceVersion "1"]
[SourceVersionDate "2017.10.13"]
[SourceQuality "1"]
[WhiteTeam "Hoechstadt/Aisch"]
[BlackTeam "Marktleuthen"]
[WhiteTeamCountry "GER"]
[BlackTeamCountry "GER"]

1. d4 Nf6 2. f4 e6 3. Nf3 c5 4. e3 Be7 5. Bd3 0-0 6. 0-0 b6 7. c3 Ba6 8. Ne5 Bxd3 9. Qxd3 d6 10. Nf3 Nbd7 11. e4 cxd4 12. cxd4 d5 13. e5 Ne4 14. Nc3 Nxc3 15. bxc3 Rc8 16. Ng5 Bxg5 17. fxg5 Rc4 18. Ba3 Re8 19. Qf3 Kh8 20. Bd6 1/2-1/2

[Event "Regionalliga NW 1516"]
[Site "Bayern"]
[Date "2015.11.15"]
[Round "3.7"]
[White "Chen, Jiaoji"]
[Black "Stingl, Rene"]
[Result "0-1"]
[WhiteElo "1794"]
[BlackElo "1998"]
[PlyCount "80"]
[EventDate "2015.10.11"]
[EventType "team-tourn"]
[EventRounds "9"]
[EventCountry "GER"]
[SourceTitle "EXT 2018"]
[Source "ChessBase"]
[SourceDate "2017.10.13"]
[SourceVersion "1"]
[SourceVersionDate "2017.10.13"]
[SourceQuality "1"]
[WhiteTeam "Wuerzburg"]
[BlackTeam "Marktleuthen"]
[WhiteTeamCountry "GER"]
[BlackTeamCountry "GER"]

1. d4 Nf6 2. Nf3 e6 3. e3 b6 4. Bd3 Be7 5. 0-0 Bb7 6. Nbd2 d5 7. Ne5 Nbd7 8. f4 c5 9. b3 Qc7 10. Bb2 Nxe5 11. fxe5 Ne4 12. Nxe4 dxe4 13. Bc4 Bg5 14. Qe2 0-0-0 15. Rae1 h5 16. a4 Rh6 17. a5 Rg6 18. Qxh5 Qe7 19. axb6 axb6 20. Ba3 Rf8 21. dxc5 bxc5 22. Qe2 Rh8 23. Ba6 Bxe3+ 24. Qxe3 Bxa6 25. Rf4 Bb7 26. Bxc5 Qg5 27. Rf2 Qxe5 28. g3 Rh3 29. Rg2 f5 30. Bd4 Qc7 31. Bb6 Qd6 32. Rd2 Bd5 33. Qc5+ Qxc5+ 34. Bxc5 f4 35. c4 e3 36. Rd3 Rgxg3+ 37. Kf1 Bg2+ 38. Kg1 Bf3+ 39. Kf1 Rxh2 40. Bxe3 Bg2+ 0-1

[Event "Regionalliga NW 1516"]
[Site "Bayern"]
[Date "2015.10.11"]
[Round "1.5"]
[White "Hofstetter, Hans Joachim"]
[Black "Stingl, Rene"]
[Result "0-1"]
[WhiteElo "2081"]
[BlackElo "1998"]
[PlyCount "50"]
[EventDate "2015.10.11"]
[EventType "team-tourn"]
[EventRounds "9"]
[EventCountry "GER"]
[SourceTitle "EXT 2018"]
[Source "ChessBase"]
[SourceDate "2017.10.13"]
[SourceVersion "1"]
[SourceVersionDate "2017.10.13"]
[SourceQuality "1"]
[WhiteTeam "Bad Neustadt"]
[BlackTeam "Marktleuthen"]
[WhiteTeamCountry "GER"]
[BlackTeamCountry "GER"]

1. e4 c6 2. Nc3 d5 3. Qf3 Nf6 4. e5 d4 5. exf6 dxc3 6. fxg7 Bxg7 7. dxc3 Be6 8. Be3 Qa5 9. Ne2 Nd7 10. Nd4 Bd5 11. Qh3 c5 12. Ne2 0-0-0 13. a3 Be6 14. Qh5 Ne5 15. h3 Rd5 16. Qh4 Ng6 17. Qg3 Be5 18. f4 Bf6 19. Qf2 Bf5 20. Rd1 Rxd1+ 21. Kxd1 Rd8+ 22. Kc1 Qa4 23. Ng1 Bxc3 24. Bd3 Bxd3 25. cxd3 Rxd3 0-1

[Event "Regionalliga NW 1415"]
[Site "Bayern"]
[Date "2015.04.12"]
[Round "9.6"]
[White "Stingl, Rene"]
[Black "Scheer, Walter"]
[Result "1-0"]
[WhiteElo "1998"]
[BlackElo "1771"]
[PlyCount "51"]
[EventDate "2014.10.19"]
[EventType "team-tourn"]
[EventRounds "9"]
[EventCountry "GER"]
[SourceTitle "EXT 2018"]
[Source "ChessBase"]
[SourceDate "2017.10.13"]
[SourceVersion "1"]
[SourceVersionDate "2017.10.13"]
[SourceQuality "1"]
[WhiteTeam "Marktleuthen"]
[BlackTeam "Mainaschaff"]
[WhiteTeamCountry "GER"]
[BlackTeamCountry "GER"]

1. d4 Nf6 2. c4 e6 3. Nf3 d5 4. g3 dxc4 5. Nbd2 c5 6. Nxc4 Nc6 7. Bg2 cxd4 8. 0-0 Be7 9. Bf4 0-0 10. Qb3 Nd5 11. Rfd1 Nxf4 12. gxf4 Rb8 13. Rac1 f6 14. e3 b5 15. Na3 Na5 16. Qc2 Bxa3 17. bxa3 Nc4 18. Nxd4 Qe8 19. a4 a6 20. axb5 axb5 21. a4 Na3 22. Qb3 b4 23. Nc6 Bd7 24. Nxb8 Bxa4 25. Qxb4 Bxd1 26. Qxa3 1-0

[Event "Oberfranken-ch U18 1213"]
[Site "Schney"]
[Date "2013.01.03"]
[Round "7"]
[White "Hofmann, Marko"]
[Black "Stingl, Rene"]
[Result "0-1"]
[WhiteElo "1629"]
[BlackElo "1816"]
[PlyCount "53"]
[EventDate "2013.01.03"]
[EventType "tourn"]
[EventRounds "7"]
[EventCountry "GER"]
[SourceTitle "EXT 2015"]
[Source "ChessBase"]
[SourceDate "2014.11.20"]
[SourceVersion "1"]
[SourceVersionDate "2014.11.20"]
[SourceQuality "1"]

1. d4 Nf6 2. Nc3 e6 3. e4 d5 4. Bg5 Be7 5. e5 Nfd7 6. h4 c5 7. Nb5 f6 8. Bd3 fxg5 9. hxg5 Qa5+ 10. b4 Qxb4+ 11. c3 Qa5 12. Qh5+ Kd8 13. Ne2 c4 14. Nf4 Nb6 15. Ng6 Re8 16. 0-0 hxg6 17. Bxg6 Qxb5 18. Bxe8 Qxe8 19. g6 Nc6 20. f4 Ba3 21. Rf3 Ne7 22. f5 exf5 23. Raf1 Bd7 24. e6 Bxe6 25. g4 Qxg6 26. Qxg6 Nxg6 27. gxf5 0-1

[Event "Oberfranken-ch U18 1213"]
[Site "Schney"]
[Date "2013.01.03"]
[Round "6"]
[White "Stingl, Rene"]
[Black "Bauer, Leon"]
[Result "1/2-1/2"]
[WhiteElo "1816"]
[BlackElo "1695"]
[PlyCount "74"]
[EventDate "2013.01.03"]
[EventType "tourn"]
[EventRounds "7"]
[EventCountry "GER"]
[SourceTitle "EXT 2015"]
[Source "ChessBase"]
[SourceDate "2014.11.20"]
[SourceVersion "1"]
[SourceVersionDate "2014.11.20"]
[SourceQuality "1"]

1. d4 d5 2. c4 e6 3. Nc3 c6 4. e3 Nf6 5. Nf3 Nbd7 6. Bd3 dxc4 7. Bxc4 b5 8. Bd3 a6 9. 0-0 c5 10. b3 Bb7 11. Re1 cxd4 12. exd4 Be7 13. Bb2 0-0 14. Ne5 Nb6 15. Ne4 Nxe4 16. Bxe4 Bxe4 17. Rxe4 Nd5 18. Nc6 Qd7 19. Nxe7+ Qxe7 20. Qf3 Qf6 21. Qg3 Rfc8 22. Rae1 Rc2 23. R4e2 Rxe2 24. Rxe2 Rc8 25. Rc2 Qd8 26. Rxc8 Qxc8 27. Qd6 h6 28. Qc5 Qc7 29. Qxc7 Nxc7 30. a3 Nd5 31. g3 Kf8 32. Kg2 Ke7 33. Kf3 Kd6 34. Ke4 Nf6+ 35. Kf4 Kd5 36. f3 Ng8 37. Ke3 Ne7 1/2-1/2

[Event "Oberfranken-ch"]
[Site "Schney"]
[Date "2011.01.05"]
[Round "5"]
[White "Bauer, Leon"]
[Black "Stingl, Rene"]
[Result "0-1"]
[WhiteElo "1586"]
[BlackElo "1776"]
[PlyCount "100"]
[EventDate "2011.01.03"]
[EventType "swiss"]
[EventRounds "7"]
[EventCountry "GER"]
[SourceTitle "EXT 2022"]
[Source "ChessBase"]
[SourceDate "2021.10.06"]
[SourceVersion "1"]
[SourceVersionDate "2021.10.06"]
[SourceQuality "1"]

1. c4 Nf6 2. Nc3 c5 3. Nf3 g6 4. d4 cxd4 5. Nxd4 Nc6 6. e4 d6 7. Be2 a6 8. Be3 Bg7 9. 0-0 0-0 10. f3 Bd7 11. Qd2 Rb8 12. Nxc6 bxc6 13. b3 Qa5 14. Rad1 Rfe8 15. Bd4 c5 16. Bxf6 Bxf6 17. Nd5 Bd4+ 18. Kh1 Qxd2 19. Rxd2 Kg7 20. b4 Rb7 21. Rb1 e6 22. Nf4 Be3 23. Nh5+ gxh5 24. Rxd6 Reb8 25. a3 cxb4 26. axb4 Bc5 27. Rxa6 Rxb4 28. Rxb4 Rxb4 29. Ra1 Ba4 30. Bd3 Rb2 31. Rxa4 Rd2 32. Ra1 Rxd3 33. h4 Rc3 34. Kh2 Bd6+ 35. Kh3 Rxc4 36. Rd1 Be5 37. Rb1 Rc2 38. Rb5 Kf6 39. Rb1 h6 40. Rd1 Ke7 41. Rb1 Rc8 42. g3 Rc3 43. Kg2 Rc2+ 44. Kh3 Rf2 45. Rb3 Kd6 46. f4 Bxf4 47. gxf4 Rxf4 48. Re3 Ke5 49. Kg3 Rxe4 50. Rxe4+ Kxe4 0-1

[Event "Oberfranken-ch"]
[Site "Schney"]
[Date "2011.01.04"]
[Round "3"]
[White "Becker, Tobias"]
[Black "Stingl, Rene"]
[Result "1/2-1/2"]
[WhiteElo "1827"]
[BlackElo "1776"]
[PlyCount "43"]
[EventDate "2011.01.03"]
[EventType "swiss"]
[EventRounds "7"]
[EventCountry "GER"]
[SourceTitle "EXT 2022"]
[Source "ChessBase"]
[SourceDate "2021.10.06"]
[SourceVersion "1"]
[SourceVersionDate "2021.10.06"]
[SourceQuality "1"]

1. e4 e6 2. d4 d5 3. Nc3 Bb4 4. e5 c5 5. Bd2 Bxc3 6. Bxc3 cxd4 7. Bxd4 Nc6 8. Nf3 Nh6 9. Bd3 Bd7 10. Qe2 Qc7 11. c3 g6 12. 0-0 Rg8 13. Rfc1 Rc8 14. Qe3 Nf5 15. Bxf5 gxf5 16. Ng5 Rg7 17. f4 h6 18. Nf3 b6 19. Qf2 Rg4 20. Be3 Na5 21. h3 Rg6 22. b3 1/2-1/2

[Event "Oberfranken-ch"]
[Site "Schney"]
[Date "2011.01.03"]
[Round "1"]
[White "Gebhardt, Christian"]
[Black "Stingl, Rene"]
[Result "1-0"]
[WhiteElo "1488"]
[BlackElo "1776"]
[PlyCount "61"]
[EventDate "2011.01.03"]
[EventType "swiss"]
[EventRounds "7"]
[EventCountry "GER"]
[SourceTitle "EXT 2022"]
[Source "ChessBase"]
[SourceDate "2021.10.06"]
[SourceVersion "1"]
[SourceVersionDate "2021.10.06"]
[SourceQuality "1"]

1. e4 g6 2. d4 d6 3. Be3 Bg7 4. Nf3 Nd7 5. Bc4 Nb6 6. Bb3 h6 7. Nbd2 Nf6 8. Qe2 Bd7 9. c3 c6 10. 0-0-0 a5 11. e5 dxe5 12. Nxe5 e6 13. Qf3 a4 14. Bc2 a3 15. b3 Nbd5 16. Ne4 0-0 17. Rd3 Nxe4 18. Qxe4 b5 19. Bd2 f5 20. Qe2 Bxe5 21. dxe5 Kh7 22. Rh3 f4 23. Qg4 Qe8 24. Qg5 Rf5 25. Rxh6+ Kg7 26. Bxf5 exf5 27. Re1 Be6 28. Kc2 b4 29. c4 Ne7 30. Bxf4 Qd8 31. Qf6+ 1-0

[Event "Oberfranken-ch U14 0910"]
[Site "Schney"]
[Date "2010.01.06"]
[Round "7"]
[White "Stingl, Rene"]
[Black "Gebhardt, Christian"]
[Result "1/2-1/2"]
[WhiteElo "1793"]
[BlackElo "1235"]
[PlyCount "22"]
[EventDate "2010.01.03"]
[EventType "swiss"]
[EventRounds "7"]
[EventCountry "GER"]
[SourceTitle "EXT 2015"]
[Source "ChessBase"]
[SourceDate "2014.11.20"]
[SourceVersion "1"]
[SourceVersionDate "2014.11.20"]
[SourceQuality "1"]

1. d4 Nf6 2. Bg5 Ne4 3. Bf4 g6 4. e3 Bg7 5. Bd3 Nf6 6. Nf3 c5 7. c3 cxd4 8. exd4 0-0 9. Nbd2 d6 10. Qc2 Nbd7 11. 0-0 Nd5 1/2-1/2

[Event "Oberfranken-ch U14 0910"]
[Site "Schney"]
[Date "2010.01.03"]
[Round "1"]
[White "Le, Duc Thuan"]
[Black "Stingl, Rene"]
[Result "0-1"]
[WhiteElo "1201"]
[BlackElo "1793"]
[PlyCount "68"]
[EventDate "2010.01.03"]
[EventType "swiss"]
[EventRounds "7"]
[EventCountry "GER"]
[SourceTitle "EXT 2015"]
[Source "ChessBase"]
[SourceDate "2014.11.20"]
[SourceVersion "1"]
[SourceVersionDate "2014.11.20"]
[SourceQuality "1"]

1. d4 d5 2. c4 e6 3. Nf3 c6 4. Nc3 Bd6 5. Bg5 f6 6. Bh4 Ne7 7. e3 Nd7 8. Rc1 0-0 9. Bd3 Qe8 10. 0-0 Ng6 11. Bg3 Bxg3 12. fxg3 f5 13. Qb3 Kh8 14. Rce1 Nf6 15. cxd5 exd5 16. Qc2 Ne4 17. Nd2 h5 18. Be2 Nxc3 19. bxc3 Qxe3+ 20. Kh1 Qh6 21. Qd1 h4 22. Rf3 hxg3 23. Rxg3 f4 24. Rf3 Nh4 25. Rf2 Nf5 26. Bd3 Bd7 27. Qg4 Ng3+ 28. Qxg3 fxg3 29. Rxf8+ Rxf8 30. h3 Bxh3 31. Nf3 Bg4+ 32. Kg1 Bxf3 33. Re3 Qh2+ 34. Kf1 Qh1# 0-1